| 000 | 01373cam a22003494a 4500 | ||
|---|---|---|---|
| 999 |
_c28319 _d28290 |
||
| 001 | 2156749 | ||
| 003 | EG-ScBUE | ||
| 005 | 20200310110347.0 | ||
| 008 | 990121r20011999maua f b 001 0 eng d | ||
| 020 | _a0262032708 | ||
| 020 | _a9780262032704 | ||
| 040 |
_aDLC _beng _erda _cDLC _dDLC _dEG-ScBUE |
||
| 082 | 0 | 4 |
_a004.21 _bCLA _222 |
| 100 | 1 |
_aClarke, Edmund M., _cJr. _q(Edmund Melson), _d1945- _eauthor. |
|
| 245 | 1 | 0 |
_aModel checking / _cEdmund M. Clarke, Jr., Orna Grumberg, and Doron A. Peled. |
| 250 | _aThird printing. | ||
| 264 | 1 |
_aCambridge, Massachusetts ; _aLondon,England : _bThe MIT Press, _c2001. |
|
| 300 |
_axiv, 314 pages : _billustrations ; _c24 cm |
||
| 336 |
_2rdacontent _atext _btxt |
||
| 337 |
_2rdamedia _aunmediated _bn |
||
| 338 |
_2rdacarrier _avolume _bnc |
||
| 504 | _aIncludes bibliographical references and index. | ||
| 650 | 7 |
_aComputer systems _xVerification. _2BUEsh |
|
| 653 |
_bCOMSCI _cMarch2020 |
||
| 655 |
_vReading book _934232 |
||
| 700 | 1 |
_aGrumberg, Orna, _eauthor. |
|
| 700 | 1 |
_aPeled, Doron A., _d1962- _eauthor. |
|
| 906 |
_a7 _bcbc _corignew _d1 _eocip _f19 _gy-gencatlg |
||
| 942 |
_2ddc _cBB |
||